Finančno-ekonomická analýza spoločnosti ČSOB Leasing, a.s. za roky 2005-2007 diplomová práca

Uložené v:
Podrobná bibliografia
Hlavný autor: Kacorová, Andrea
Korporativný autor: Fakulta podnikového manažmentu EU. Katedra podnikových financií
Ďalší autori: Tóthová, Alena, 1968-
Médium: Kniha
Jazyk:Slovak
Vydavateľské údaje: Bratislava 2009
Tagy: Pridať tag
Žiadne tagy, Buďte prvý, kto otaguje tento záznam!

MARC

LEADER 00000nam$a2200000$$$4500
001 0101418
005 20240319124526.4
041 0 |a slo 
044 |a SK 
245 1 0 |a Finančno-ekonomická analýza spoločnosti ČSOB Leasing, a.s. za roky 2005-2007  |b diplomová práca  |c Andrea Kacorová ; škol. Alena Tóthová 
264 1 |a Bratislava  |c 2009 
300 |a 78 s. 
100 1 |a Kacorová, Andrea 
700 1 |a Tóthová, Alena, 1968- 
710 2 |a Fakulta podnikového manažmentu EU. Katedra podnikových financií